000 02013nam a2200325Ia 4500
999 _c54798
_d54798
001 21867
003 GE_BSU
005 20220615164937.0
008 181216s ||||ge |||||||||||||| ||geo||
020 _a9781847102324(ინგლ. გამოცემის)
040 _cGE_BSU
041 _ageo
080 _a657.15 მ-30
245 _aმმართველობითი აღრიცხვა წიგნი F 2 :
_b სრული ტექსტი /
_cწიგნის თარგმანზე და გამოცემაზე მუშაობდნენ : პროექტის ხელმძღვანელი ლ. ჭუმბურიძე ; პროექტ. კოორდ. კ. დათიაშვილი ; მთარგმნ. ბ. ალავერდაშვილ ; რედ. : ი. გიაშვილი, ნ. ბოლოკაძე, მ. გველესიანი.
264 _aთბილისი :
_bდანი,
_c2016.
300 _a448 გვ. ;
_c29 სმ.
490 _aACCA ინგლისისა და უელსის ნაფიც სერტიფიცირებულ ბუღალტერთა ასოციაცია
541 _h29ლ. 50თ.
546 _aპარალელური სათაური ინგლისურ ენაზე
653 _aბუღალტერია
653 _aეკონომიკა
653 _aმმართველობითი აღრიცხვა
653 _a წიგნი F 2
653 _a სრული ტექსტი
700 _aალავერდაშვილი, ბ.
_eმთარგმნელი
_914086
700 _aგიაშვილი, ი.
_eრედაქტორი
_914106
700 _a ბოლოკაძე, ნ.
_eრედაქტორი
_914107
700 _aგველესიანი, მ.
_eრედაქტორი
_914108
942 _cBK
_2udc